000 00454nam a2200181Ia 4500
001 13019
005 20260306163023.0
008 260306t2007||||xx |||||||||||||| ||spa||
041 _aESP
082 _aRD 657.03
_bL86
100 _aLópez López, José Isauro
_eAUT
245 0 _aDiccionario contable, administrativo y fiscal
260 _c2007
300 _a314 páginas :
_c23 cm.
650 _aGEN
654 _aCCO
942 _cDIC
_dJUS
_fJUS
_2ddc
_n
999 _c13019
_d13019